| 000 | 01112pam a2200313 a 4500 | ||
|---|---|---|---|
| 999 |
_c1905 _d1905 |
||
| 001 | 726612 | ||
| 003 | GZU | ||
| 005 | 20201023101229.0 | ||
| 008 | 980619s1999 nyua 001 0 eng | ||
| 010 | _a 98028268 | ||
| 020 | _a9780471169604 | ||
| 040 |
_aDLC _cDLC _dDLC |
||
| 050 | 0 | 0 |
_aHG1615 _b.H45 1998 |
| 082 | 0 | 0 |
_a332.1/068 _221 |
| 100 | 1 |
_aHempel, George H. _d1999 _eAuthor |
|
| 245 | 1 | 0 |
_aBank management : _btext and cases. |
| 250 |
_a5th ed. / _bGeorge H. Hempel, Donald G. Simonson. |
||
| 260 |
_aNew York : _bJohn Wiley, _cc1999. |
||
| 300 |
_axv, 683 p. : _bill. ; _c26 cm. |
||
| 500 | _aIncludes index. | ||
| 650 | 0 | _aBank management. | |
| 650 | 0 |
_aBank management _xCase studies. |
|
| 700 | 1 | _aSimonson, Donald G. | |
| 856 | 4 | 2 |
_3Publisher description _uhttp://www.loc.gov/catdir/description/wiley037/98028268.html |
| 856 | 4 |
_3Table of Contents _uhttp://www.loc.gov/catdir/toc/onix02/98028268.html |
|
| 906 |
_a7 _bcbc _corignew _d1 _eocip _f19 _gy-gencatlg |
||
| 942 |
_2lcc _cBK _e5th _h1615 _iHEM _kHG |
||